Asociación en participación : estrategias legales y fiscales /

Na minha lista:
Detalhes bibliográficos
Autor principal: Reyes Mora, Oswaldo G. (autor)
Formato: Livro
Idioma:espanhol
Publicado em: México : Tax, 1999, c1999
Assuntos:
Tags: Adicionar Tag
Sem tags, seja o primeiro a adicionar uma tag!

MARC

LEADER 00000nam^a2200000^a^4500
001 000367563
005 20250521000000.0
009 20260526142216.877
020 |a 970-9034-76-6 
025 |a Donación Juan Diego Castillo, 1 ejemplar 
037 |a Acervo ITESO - Biblioteca 
041 |a ESP 
082 |a 346. 0728  |b REY 
100 |a Reyes Mora, Oswaldo G.  |e (autor) 
245 1 0 |a Asociación en participación :  |b estrategias legales y fiscales /  |c O.G. Reyes Mora. 
264 4 |a México :  |b Tax,  |c 1999, c1999 
300 |a 223 p. 
336 |a texto  |b txt  |2 rdacontenido 
337 |a sin mediación  |b n  |2 rdamedio 
338 |a volumen  |b nc  |2 rdasoporte 
649 |a XX 
650 |a Sociedades Mercantiles 
650 |a Contratos de Asociación en Participación -  |x Tema Principal 
650 |a Contratos Mercantiles 
650 |a Impuestos al Valor Agregado 
650 |a Impuestos 
650 |a Deducciones Fiscales 
650 |a Contabilidad Fiscal 
650 |a Derecho Fiscal 
650 |a Derecho Mercantil 
650 |a Derecho Privado 
910 |a Fondo Castillo-Martínez 
920 |a Impresos - Libros 
930 |a Fondos Especiales 
905 |a 127 
901 |a 0500261220  |b IT2  |c ESP  |i D  |u 20250521 
902 |a https://opac.biblio.iteso.mx/vufind/Record/000367563